| 000 | 00454nam a2200181Ia 4500 | ||
|---|---|---|---|
| 001 | 20698 | ||
| 005 | 20260306172824.0 | ||
| 008 | 260306t2016||||xx |||||||||||||| ||spa|| | ||
| 041 | _aESP | ||
| 082 |
_a343.6L _bM86 |
||
| 100 |
_aMorante Guerrero, Luis _eAUT |
||
| 245 | 0 | _aNueva ley y reglamento de las contrataciones del estado | |
| 260 | _c2016 | ||
| 300 |
_a976 páginas _c25 cm. |
||
| 650 | _aGEN | ||
| 654 | _aCDE | ||
| 942 |
_cLIB _dJUS _fJUS _2ddc _n |
||
| 999 |
_c20698 _d20698 |
||